000 00804cam a2200217 a 4500
001 000005747
003 DO-SdBNP
005 20210422151749.0
008 780118k19681832pr a 001 0aspa
040 _aDO-SdBNP
_bspa
_cBNPHU
082 _a972.95
_bC796m, 1968
100 1 _aCórdova, Pedro Tomás de.
_916264
245 1 0 _aMemorias : geográficas, históricas, económicas y estadísticas de la Isla de Puerto Rico /
_cPedro Tomás de Córdova.
250 _a2a ed. facsimilar.
260 _aSan Juan, Puerto Rico :
_bInstituto de Cultura Puertorriqueña,
_c1968.
300 _a6 v. :
_bil. ;
_c23 cm.
590 _aLa biblioteca posee los volúmenes del 1 al 5.
651 4 _aPuerto Rico
_xHistoria
_yHasta 1898.
_916265
651 4 _aPuerto Rico
_xDescripción y viajes
_916266
942 _2ddc
_cLBS1
999 _c5543
_d5543